004380000a2200121000450024500890000065000260008965000290011565000280014465000300017204100140020210000200021677300800023610aElementos para interpretar el estado de las negociaciones sobre recursos genéticos14aAcceso a los recursos14aConocimiento tradicional14aLegislación ambiental14aConvenios internacionales0 aEspañol1 aTorres, Ricardo1 tBiotecnología y Derecho/Astudillo Gómez, Francisco31184q259-271d1997